000
00257nam a22001217a 4500
008
181012b xxu||||| |||| 00| 0 eng d
041
_a
eng
080
_a
611
100
_a
6
101
_a
ANA
245
_a
The Hemiblocks
_c
Rosenbaum, M.B
942
_2
udc
_c
BK
999
_c
49511
_d
49511